000 00565nam a2200169Ia 4500
008 090201s9999 xx 000 0 und d
010 _aKPL-48379
040 _bमराठी
041 _aमराठी
082 _a35705
_b48379
100 _aकुमुदिनी रांगणेकर
245 _aशेरे ताशेरे
_cकुमुदिनी रांगणेकर
260 _c2004
_bश्रध्दा प्रकाशन
300 _a170
_bमोठा
600 _aशेरे ताशेरे
942 _cBOOK
999 _c233750
_d233750